[Event "Klaipeda Rumiancev Memorial-A"]
[Site "Klaipeda"]
[Date "2021.07.23"]
[Round "5"]
[White "Pakalniskis, Romas"]
[Black "Galuscak, Viktoras"]
[Result "0-1"]
[WhiteElo "1563"]
[BlackElo "1883"]
[PlyCount "82"]
[EventDate "2021.07.19"]
[EventType "swiss"]
[EventRounds "7"]
[EventCountry "LTU"]
[SourceTitle "EXT 2022"]
[Source "ChessBase"]
[SourceDate "2021.10.06"]
[SourceVersion "1"]
[SourceVersionDate "2021.10.06"]
[SourceQuality "1"]

1. e4 e5 2. Nf3 Nc6 3. Bb5 a6 4. Ba4 Nf6 5. 0-0 b5 6. Bb3 Bc5 7. Re1 d6 8. c3 Bg4 9. d3 h6 10. Nbd2 0-0 11. Nf1 Bb6 12. Be3 Ne7 13. Bxb6 cxb6 14. h3 Bd7 15. d4 Qc7 16. Rc1 Ng6 17. Ng3 Rad8 18. d5 Nf4 19. Qd2 Qc8 20. Nf5 Bxf5 21. exf5 Qxf5 22. Bc2 Qh5 23. Be4 Nxe4 24. Rxe4 Qg6 25. Rxf4 exf4 26. Qxf4 Rfe8 27. Qd4 Qe4 28. Qxb6 Qxd5 29. Qxa6 Ra8 30. Qb6 Rxa2 31. b4 Re6 32. Qd4 Qa8 33. Qd3 Rg6 34. Nh4 Rf6 35. Nf3 Qc6 36. Re1 Ra8 37. Nd4 Qd5 38. Qxb5 Qxb5 39. Nxb5 Kf8 40. Rd1 Rc8 41. Nxd6 Rd8 0-1

[Event "Klaipeda Rumiancev Memorial-A"]
[Site "Klaipeda"]
[Date "2021.07.22"]
[Round "4"]
[White "Galuscak, Viktoras"]
[Black "Scekaciov, Rostislav"]
[Result "0-1"]
[WhiteElo "1883"]
[BlackElo "1644"]
[PlyCount "80"]
[EventDate "2021.07.19"]
[EventType "swiss"]
[EventRounds "7"]
[EventCountry "LTU"]
[SourceTitle "EXT 2022"]
[Source "ChessBase"]
[SourceDate "2021.10.06"]
[SourceVersion "1"]
[SourceVersionDate "2021.10.06"]
[SourceQuality "1"]

1. e4 c6 2. d4 d5 3. Nc3 dxe4 4. Nxe4 Bf5 5. Ng3 Bg6 6. Bc4 Nd7 7. N1e2 Ngf6 8. Nf4 e6 9. c3 Be7 10. Bxe6 fxe6 11. Nxe6 Qa5 12. 0-0 Kf7 13. b4 Qb6 14. Ng5+ Kf8 15. Ne6+ Kf7 16. Ng5+ Kf8 17. Qf3 h6 18. Ne6+ Kf7 19. Re1 Bd6 20. Nf5 Bxf5 21. Qxf5 Rhe8 22. Bd2 Re7 23. Nc5 Rae8 24. Nxd7 Rxd7 25. Rxe8 Kxe8 26. Qe6+ Be7 27. Re1 Qc7 28. Bxh6 Rd6 29. Qf5 gxh6 30. Qg6+ Kd8 31. Qxh6 Qd7 32. Qh8+ Kc7 33. Qa8 Re6 34. Rf1 a6 35. Qa7 Bd6 36. h3 Nd5 37. c4 Nf4 38. c5 Nxh3+ 39. Kh1 Nxf2+ 40. Kg1 Bg3 0-1

[Event "Klaipeda Rumiancev Memorial-A"]
[Site "Klaipeda"]
[Date "2021.07.19"]
[Round "1"]
[White "Januseviciute, Donata"]
[Black "Galuscak, Viktoras"]
[Result "1/2-1/2"]
[WhiteElo "1505"]
[BlackElo "1883"]
[PlyCount "79"]
[EventDate "2021.07.19"]
[EventType "swiss"]
[EventRounds "7"]
[EventCountry "LTU"]
[SourceTitle "EXT 2022"]
[Source "ChessBase"]
[SourceDate "2021.10.06"]
[SourceVersion "1"]
[SourceVersionDate "2021.10.06"]
[SourceQuality "1"]

1. d4 Nf6 2. c4 e6 3. Nf3 Bb4+ 4. Bd2 Qe7 5. a3 Bxd2+ 6. Nbxd2 d6 7. e4 e5 8. d5 a5 9. Bd3 0-0 10. 0-0 Nh5 11. b4 Nf4 12. Bc2 Qf6 13. Kh1 Bg4 14. c5 Qh6 15. Nc4 axb4 16. axb4 Rxa1 17. Qxa1 Nxg2 18. Ng1 Nf4 19. Qa3 Na6 20. Rb1 Bc8 21. Qg3 Qf6 22. cxd6 cxd6 23. Ba4 Qd8 24. Qe3 Bd7 25. Bxd7 Qxd7 26. Ne2 Nxe2 27. Qxe2 f5 28. f3 Qc7 29. Qd3 Rc8 30. Ne3 f4 31. Nf1 Qc2 32. Qb3 Qf2 33. Qa4 Qxf3+ 34. Kg1 Qg4+ 35. Kf2 Qh4+ 36. Ke2 Qg4+ 37. Kf2 Qh4+ 38. Ke2 Qh5+ 39. Kf2 Qh4+ 40. Ke2 1/2-1/2

[Event "LTU-chT"]
[Site "Lithuania"]
[Date "2021.05.16"]
[Round "7.4"]
[White "Steponavicius, Stasys"]
[Black "Galuscak, Viktoras"]
[Result "1-0"]
[WhiteElo "2193"]
[BlackElo "1898"]
[PlyCount "61"]
[EventDate "2021.05.07"]
[EventType "team-swiss"]
[EventRounds "7"]
[EventCountry "LTU"]
[SourceTitle "CBM 202 Extra"]
[Source "ChessBase"]
[SourceDate "2021.07.31"]
[SourceVersion "1"]
[SourceVersionDate "2021.07.31"]
[SourceQuality "1"]
[WhiteTeam "Kaunas Margiris"]
[BlackTeam "Klaipeda Klaipedos"]
[WhiteTeamCountry "LTU"]
[BlackTeamCountry "LTU"]

1. d4 f5 2. Nf3 Nf6 3. g3 e6 4. Bg2 d5 5. 0-0 Bd6 6. c4 c6 7. b3 Qe7 8. a4 Nbd7 9. Ba3 Ne4 10. Qc1 0-0 11. Qb2 a5 12. Bxd6 Qxd6 13. Nbd2 b6 14. Rfd1 Ba6 15. e3 h6 16. Rac1 Rac8 17. Ne1 h5 18. f3 Nxd2 19. Qxd2 h4 20. gxh4 f4 21. e4 Qe7 22. Qf2 dxc4 23. bxc4 Rf6 24. Bh3 Rh6 25. Ng2 g5 26. Bg4 Nf6 27. hxg5 Nxg4 28. fxg4 Qxg5 29. Qxf4 Qg7 30. g5 Rg6 31. h4 1-0

[Event "LTU-ch sf"]
[Site "Klaipeda"]
[Date "2019.10.06"]
[Round "2"]
[White "Galuscak, Viktoras"]
[Black "Borisovaite, Ana"]
[Result "1/2-1/2"]
[WhiteElo "1898"]
[BlackElo "1375"]
[PlyCount "23"]
[EventDate "2019.10.05"]
[EventType "swiss"]
[EventRounds "8"]
[EventCountry "LTU"]
[SourceTitle "CBM 192 Extra"]
[Source "Chessbase"]
[SourceDate "2019.11.06"]
[SourceVersion "1"]
[SourceVersionDate "2019.11.06"]
[SourceQuality "1"]

1. e4 e5 2. Nf3 Nc6 3. d4 Nxd4 4. Nxe5 Ne6 5. Bc4 d6 6. Nf3 Be7 7. 0-0 Nf6 8. Nc3 0-0 9. Re1 b6 10. e5 dxe5 11. Qxd8 Rxd8 12. Nxe5 1/2-1/2

[Event "LTU-chT"]
[Site "Lithuania"]
[Date "2018.04.15"]
[Round "7.3"]
[White "Rutkauskas, Gediminas"]
[Black "Galuscak, Viktoras"]
[Result "0-1"]
[WhiteElo "1847"]
[BlackElo "1897"]
[PlyCount "124"]
[EventDate "2018.01.27"]
[EventType "team-swiss"]
[EventRounds "7"]
[EventCountry "LTU"]
[SourceTitle "EXT 2019"]
[Source "ChessBase"]
[SourceDate "2018.10.10"]
[SourceVersion "1"]
[SourceVersionDate "2018.10.10"]
[SourceQuality "1"]
[WhiteTeam "Vilnius LASF"]
[BlackTeam "Klaipeda Nesunaikinami"]
[WhiteTeamCountry "LTU"]
[BlackTeamCountry "LTU"]

1. c4 Nf6 2. Nc3 c5 3. g3 Nc6 4. Bg2 g6 5. d3 Bg7 6. Rb1 0-0 7. Bd2 d6 8. a3 Be6 9. Nf3 Qd7 10. Ng5 Bf5 11. h4 Qc8 12. Nd5 h6 13. Nxf6+ exf6 14. Ne4 Qe6 15. Kf1 Rfe8 16. Nc3 Qd7 17. e4 Bg4 18. f3 Be6 19. Nd5 Bxd5 20. cxd5 Nd4 21. Bc3 f5 22. h5 fxe4 23. dxe4 f5 24. Bh3 Qb5+ 25. Kg2 fxe4 26. fxe4 Rxe4 27. Re1 Rxe1 28. Qxe1 Re8 29. Be6+ Nxe6 30. dxe6 Qc6+ 31. Kh2 Qd5 32. hxg6 Rxe6 33. Qf2 Qh5+ 34. Kg1 Qxg6 35. Rf1 Qe8 36. Bxg7 Kxg7 37. Qf3 Qe7 38. Qc3+ Re5 39. Rf4 b6 40. Rg4+ Kh8 41. b4 d5 42. Rf4 d4 43. Qf3 Re1+ 44. Kf2 Qe3+ 45. Qxe3 Rxe3 46. bxc5 bxc5 47. Rf8+ Kg7 48. Rc8 Rc3 49. Rc7+ Kf6 50. Rxa7 Rc2+ 51. Ke1 Ke5 52. Rh7 Rg2 53. Rxh6 Rxg3 54. a4 Ra3 55. Ra6 c4 56. Ra8 Ke4 57. Kd2 Ra2+ 58. Kc1 c3 59. a5 Kd3 60. Kb1 Ra4 61. a6 c2+ 62. Kc1 Ra1+ 0-1

[Event "LTU-chT"]
[Site "Lithuania"]
[Date "2018.03.25"]
[Round "5.4"]
[White "Galuscak, Viktoras"]
[Black "Vaznonis, Vytautas"]
[Result "0-1"]
[WhiteElo "1897"]
[BlackElo "2378"]
[PlyCount "58"]
[EventDate "2018.01.27"]
[EventType "team-swiss"]
[EventRounds "7"]
[EventCountry "LTU"]
[SourceTitle "EXT 2019"]
[Source "ChessBase"]
[SourceDate "2018.10.10"]
[SourceVersion "1"]
[SourceVersionDate "2018.10.10"]
[SourceQuality "1"]
[WhiteTeam "Klaipeda Nesunaikinami"]
[BlackTeam "Kaunas Ezerelio"]
[WhiteTeamCountry "LTU"]
[BlackTeamCountry "LTU"]

1. d4 d5 2. Nf3 Nf6 3. Bf4 c5 4. e3 Nc6 5. Be2 Bg4 6. 0-0 Bxf3 7. Bxf3 cxd4 8. exd4 Qb6 9. Be5 Qxb2 10. Nd2 e6 11. Rb1 Qxa2 12. Bxf6 gxf6 13. Rxb7 Qa6 14. Qb1 Bh6 15. Rd1 0-0 16. c4 Na5 17. Rb4 Bxd2 18. Rxd2 Nxc4 19. Ra2 Qd6 20. g3 a5 21. Rxc4 dxc4 22. Bxa8 Rxa8 23. Qe4 Qd5 24. Qf4 Kg7 25. h4 c3 26. Ra1 Rc8 27. Rc1 c2 28. Qd2 Rc4 29. Rxc2 Rxd4 0-1

[Event "LTU-chT"]
[Site "Lithuania"]
[Date "2018.01.27"]
[Round "1.3"]
[White "Ionin, Ilja"]
[Black "Galuscak, Viktoras"]
[Result "1-0"]
[WhiteElo "1333"]
[BlackElo "1897"]
[PlyCount "129"]
[EventDate "2018.01.27"]
[EventType "team-swiss"]
[EventRounds "7"]
[EventCountry "LTU"]
[SourceTitle "EXT 2019"]
[Source "ChessBase"]
[SourceDate "2018.10.10"]
[SourceVersion "1"]
[SourceVersionDate "2018.10.10"]
[SourceQuality "1"]
[WhiteTeam "Klaipeda Teisingumo"]
[BlackTeam "Klaipeda Nesunaikinami"]
[WhiteTeamCountry "LTU"]
[BlackTeamCountry "LTU"]

1. c4 Nf6 2. g3 g6 3. Bg2 Bg7 4. Nc3 0-0 5. d3 d6 6. Bg5 Nbd7 7. Nf3 c6 8. 0-0 Re8 9. Qd2 Nf8 10. e4 Qc7 11. Rfe1 e5 12. Rad1 Be6 13. Be3 Ng4 14. Ng5 Nxe3 15. Nxe6 Nxe6 16. fxe3 Rad8 17. Rf1 Bh6 18. Rf3 Qd7 19. Rdf1 Ng5 20. R3f2 Rf8 21. Kh1 Nh3 22. Re2 Ng5 23. Qe1 Ne6 24. Ref2 Qc7 25. Qe2 Qb6 26. Re1 Ng7 27. Rf3 Ne6 28. h4 Qc7 29. Ref1 Qe7 30. Kh2 f6 31. Bh3 Rf7 32. b4 Rdf8 33. b5 Ng7 34. g4 Ne6 35. Qf2 Nc5 36. Qe2 Bg7 37. a4 Ne6 38. a5 g5 39. h5 Qc7 40. Ra1 a6 41. b6 Qd7 42. Rd1 Re7 43. d4 Nd8 44. c5 Nf7 45. d5 dxc5 46. dxc6 Qxc6 47. Nd5 Re6 48. Qc4 Kh8 49. Rc1 Rc8 50. Nc7 Re7 51. Qxc5 Qxc5 52. Rxc5 Nd6 53. Bg2 Nxe4 54. Rc1 Nd6 55. h6 Bf8 56. Rxf6 e4 57. Rxd6 Re5 58. Rf6 Kg8 59. Rcf1 Bc5 60. Rf7 Bd6 61. Kh3 Rxa5 62. Rg7+ Kh8 63. Rff7 Ra2 64. Rxh7+ Kg8 65. Rfg7+ 1-0

[Event "Vilnius Boksto op"]
[Site "Vilnius"]
[Date "2017.05.14"]
[Round "5"]
[White "Galuscak, Viktoras"]
[Black "Gluchaciov, Nikolaj"]
[Result "1-0"]
[WhiteElo "1897"]
[BlackElo "1795"]
[PlyCount "131"]
[EventDate "2017.04.30"]
[EventType "swiss"]
[EventRounds "8"]
[EventCountry "LTU"]
[SourceTitle "CBM 178 Extra"]
[Source "ChessBase"]
[SourceDate "2017.06.22"]
[SourceVersion "1"]
[SourceVersionDate "2017.06.22"]
[SourceQuality "1"]

1. e4 g6 2. f4 Bg7 3. Nf3 d6 4. Nc3 c5 5. Bb5+ Nc6 6. Bxc6+ bxc6 7. 0-0 Qb6 8. b3 Nf6 9. Na4 Qc7 10. Bb2 0-0 11. d3 Nh5 12. Bxg7 Nxg7 13. Qd2 f6 14. Rae1 Bg4 15. Nh4 Rae8 16. h3 Bc8 17. e5 f5 18. Nf3 Ne6 19. Rf2 Nd4 20. Qc3 Nxf3+ 21. Rxf3 Ba6 22. Rfe3 Qb8 23. Qa5 Bb5 24. Nb2 dxe5 25. Rxe5 Qd6 26. Qc3 Rf6 27. Qxc5 Qxc5+ 28. Rxc5 Kf7 29. a4 Ba6 30. Ra5 Bc8 31. Rxa7 Re6 32. Kf2 h6 33. Nc4 Rxe1 34. Kxe1 Kf6 35. Rc7 g5 36. Rxc6+ Kg7 37. g3 Bb7 38. Rb6 Bg2 39. h4 gxf4 40. gxf4 Rg8 41. Kf2 Bh1 42. Ne3 Kf7 43. Rxh6 e6 44. Rh5 Bc6 45. Rg5 Rh8 46. h5 Be8 47. d4 Kf6 48. d5 Bxh5 49. dxe6 Kxe6 50. Nxf5 Bf7 51. Nd4+ Kf6 52. b4 Bg6 53. a5 Rh2+ 54. Rg2 Rh4 55. Ke3 Rh3+ 56. Kd2 Rh4 57. Rf2 Rh1 58. Kc3 Bf7 59. b5 Rh3+ 60. Kb4 Ke7 61. Nb3 Rh1 62. Rd2 Rb1 63. a6 Rb2 64. f5 Bxb3 65. Kc3 Ra2 66. Kxb3 1-0

[Event "Klaipeda Boksto op"]
[Site "Klaipeda"]
[Date "2016.05.15"]
[Round "6"]
[White "Pakalniskis, Romas"]
[Black "Galuscak, Viktoras"]
[Result "0-1"]
[WhiteElo "1789"]
[BlackElo "1884"]
[PlyCount "128"]
[EventDate "2016.04.10"]
[EventType "swiss"]
[EventRounds "8"]
[EventCountry "LTU"]
[SourceTitle "CBM 172 Extra"]
[Source "ChessBase"]
[SourceDate "2016.06.21"]
[SourceVersion "1"]
[SourceVersionDate "2016.06.21"]
[SourceQuality "1"]

1. c4 Nf6 2. Nc3 e6 3. Nf3 Bb4 4. g3 Bxc3 5. bxc3 0-0 6. Bg2 Nc6 7. 0-0 b6 8. d3 Bb7 9. e4 e5 10. Ne1 d6 11. Nc2 Nd7 12. f4 exf4 13. gxf4 f5 14. Ne3 Ne7 15. Nd5 Nxd5 16. cxd5 fxe4 17. dxe4 Nc5 18. Be3 Ba6 19. Rf2 Nd3 20. Rf3 Nb2 21. Qc2 Nc4 22. Bd4 Na5 23. Rg3 Rf7 24. e5 Rxf4 25. e6 Rxd4 26. cxd4 Bc4 27. Re1 Qf6 28. Qe4 c5 29. dxc6 d5 30. Qe3 Nxc6 31. e7 Re8 32. Qe6+ Qxe6 33. Rxe6 Nxd4 34. Re5 Nc6 35. Bxd5+ Bxd5 36. Rxd5 Rxe7 37. Rc3 Nb4 38. Rd2 Na6 39. Rc8+ Kf7 40. Rf2+ Kg6 41. Rc6+ Kg5 42. Rd6 g6 43. Rd5+ Kh6 44. Kf1 Nc5 45. Re2 Rf7+ 46. Ke1 Rf3 47. Kd1 Ra3 48. Kc1 Nd3+ 49. Kb1 Nf4 50. Rde5 Nxe2 51. Rxe2 g5 52. Kb2 Ra4 53. Kb3 b5 54. Re5 a6 55. Re6+ Kg7 56. Re7+ Kg6 57. Re6+ Kf5 58. Rh6 Rh4 59. Rxa6 Rxh2 60. Rb6 g4 61. Rxb5+ Kf4 62. a4 g3 63. Rb8 Rh5 64. Rf8+ Rf5 0-1

[Event "Klaipeda Boksto op"]
[Site "Klaipeda"]
[Date "2016.04.24"]
[Round "3"]
[White "Galuscak, Viktoras"]
[Black "Januseviciute, Donata"]
[Result "0-1"]
[WhiteElo "1884"]
[BlackElo "1678"]
[PlyCount "190"]
[EventDate "2016.04.10"]
[EventType "swiss"]
[EventRounds "8"]
[EventCountry "LTU"]
[SourceTitle "CBM 172 Extra"]
[Source "ChessBase"]
[SourceDate "2016.06.21"]
[SourceVersion "1"]
[SourceVersionDate "2016.06.21"]
[SourceQuality "1"]

1. e4 e6 2. d4 d5 3. Nc3 Bb4 4. e5 c5 5. Bd2 Ne7 6. Nb5 Bxd2+ 7. Qxd2 0-0 8. f4 cxd4 9. Nxd4 Nbc6 10. Ngf3 Qb6 11. c3 Nxd4 12. Nxd4 Bd7 13. Bd3 Rac8 14. 0-0-0 a6 15. Kb1 Nc6 16. Rhe1 Nxd4 17. Qf2 Rxc3 18. Bf1 Rc2 19. Qxd4 Qxd4 20. Rxd4 Rfc8 21. Rb4 b5 22. a4 a5 23. Rd4 b4 24. b3 g6 25. Be2 R8c3 26. Bb5 Bxb5 27. axb5 Rc5 28. b6 R2c3 29. Kb2 Rb5 30. Ra1 Rcc5 31. g4 Rxb6 32. f5 Rbc6 33. Rd2 d4 34. Re1 Rd5 35. Re4 exf5 36. gxf5 gxf5 37. Rexd4 Rxe5 38. Rg2+ Rg6 39. Rf2 Rg4 40. Rc4 Kg7 41. Rc6 f6 42. Kc2 Kg6 43. Ra6 Rd5 44. Re2 Re4 45. Rg2+ Kh5 46. Rxf6 Rde5 47. Rg7 Rc5+ 48. Kd2 Rce5 49. Rxh7+ Kg5 50. Rfh6 Kg4 51. Rg6+ Kf3 52. Rg3+ Kf2 53. Rhg7 Rd4+ 54. Kc2 Re2+ 55. Kc1 Rde4 56. Rg2+ Kf3 57. R7g3+ Kf4 58. Rg1 Rxh2 59. Rd3 Rhe2 60. Rf1+ Ke5 61. Kd1 Ra2 62. Rff3 Ree2 63. Rfe3+ Rxe3 64. Rxe3+ Kd4 65. Re8 f4 66. Rf8 Kd3 67. Rd8+ Ke3 68. Re8+ Kf2 69. Rh8 Ke3 70. Re8+ Kd3 71. Rd8+ Kc3 72. Rf8 Kxb3 73. Rxf4 Rh2 74. Kc1 a4 75. Rf1 a3 76. Kb1 Rh4 77. Ka1 Ka4 78. Ka2 b3+ 79. Ka1 Rc4 80. Rh1 Kb4 81. Kb1 Rd4 82. Rg1 Kc3 83. Rg3+ Rd3 84. Rg1 Re3 85. Rd1 Rd3 86. Rh1 Re3 87. Rd1 Re2 88. Rh1 Kd2 89. Rc1 Re1 90. Rxe1 Kxe1 91. Kc1 Ke2 92. Kb1 Kd3 93. Kc1 b2+ 94. Kb1 Kc3 95. Ka2 Kc2 0-1

[Event "Panevezys op U2200"]
[Site "Panevezys"]
[Date "2015.12.06"]
[Round "5"]
[White "Butvilas, Aistis"]
[Black "Galuscak, Viktoras"]
[Result "1/2-1/2"]
[WhiteElo "1781"]
[BlackElo "1864"]
[PlyCount "114"]
[EventDate "2015.12.04"]
[EventType "swiss"]
[EventRounds "6"]
[EventCountry "LTU"]
[SourceTitle "CBM 169 Extra"]
[Source "ChessBase"]
[SourceDate "2015.12.18"]
[SourceVersion "1"]
[SourceVersionDate "2015.12.18"]
[SourceQuality "1"]

1. d4 Nf6 2. c4 c5 3. d5 b5 4. cxb5 a6 5. b6 d6 6. Nc3 Nbd7 7. e4 Nxb6 8. Be2 g6 9. Nf3 Bg7 10. 0-0 0-0 11. a4 Rb8 12. a5 Na8 13. Nd2 Nc7 14. Qc2 Bd7 15. f4 Ng4 16. Nc4 Bd4+ 17. Kh1 Nf2+ 18. Rxf2 Bxf2 19. Bf3 Bd4 20. Nb6 Nb5 21. e5 dxe5 22. fxe5 Nxc3 23. bxc3 Bxe5 24. Bh6 Re8 25. Be3 Bf5 26. Qb3 Qc7 27. Qc4 Bxh2 28. Qxa6 Bd6 29. Qc4 Rb7 30. Qb5 Reb8 31. c4 Kg7 32. Rd1 h6 33. Qb2+ f6 34. Qd2 g5 35. Rf1 Rxb6 36. axb6 Qxb6 37. Qf2 Qb2 38. Bxc5 Qxf2 39. Bxf2 Bd3 40. Rc1 Bf4 41. Re1 Kf7 42. c5 Be5 43. Bh5+ Bg6 44. Bg4 h5 45. Be6+ Kg7 46. Rd1 Rb2 47. Kg1 Bf7 48. Bf5 Bg6 49. Be6 Bf7 50. Bf5 g4 51. d6 exd6 52. cxd6 Be8 53. d7 Bxd7 54. Bxd7 Bh2+ 55. Kxh2 Rxf2 56. Kg3 Rb2 57. Rd4 Kg6 1/2-1/2

[Event "Klaipeda-ch sf"]
[Site "Klaipeda"]
[Date "2015.10.11"]
[Round "6"]
[White "Zinovjev, Oleg"]
[Black "Galuscak, Viktoras"]
[Result "0-1"]
[WhiteElo "1463"]
[BlackElo "1864"]
[PlyCount "88"]
[EventDate "2015.09.13"]
[EventType "swiss"]
[EventRounds "8"]
[EventCountry "LTU"]
[SourceTitle "EXT 2017"]
[Source "ChessBase"]
[SourceDate "2016.10.25"]
[SourceVersion "1"]
[SourceVersionDate "2016.10.25"]
[SourceQuality "1"]

1. d4 e6 2. c4 Nf6 3. Nc3 b6 4. Nf3 Bb4 5. Bd2 Bb7 6. e3 0-0 7. Be2 d6 8. a3 Bxc3 9. Bxc3 Ne4 10. Rc1 Nd7 11. 0-0 Nxc3 12. Rxc3 Qe7 13. Nd2 e5 14. d5 f5 15. e4 f4 16. Bg4 Nf6 17. Be6+ Kh8 18. h4 Bc8 19. Bxc8 Raxc8 20. h5 Rf7 21. Rh3 Rg8 22. g4 Qd7 23. f3 h6 24. Rf2 Nh7 25. Rhh2 Ng5 26. b3 g6 27. a4 Rh7 28. Qf1 gxh5 29. Rxh5 Nxf3+ 30. Kh1 Qxg4 31. Nxf3 Qxh5+ 32. Rh2 Qg4 33. Rg2 Qh3+ 34. Kg1 Rhg7 35. Ne1 Rxg2+ 36. Nxg2 f3 37. Kf2 Rxg2+ 38. Ke1 Re2+ 39. Qxe2 fxe2 40. Kxe2 Kg7 41. b4 Kf6 42. a5 Kg5 43. axb6 axb6 44. b5 Kf4 0-1

[Event "Klaipeda-ch sf"]
[Site "Klaipeda"]
[Date "2015.09.20"]
[Round "3"]
[White "Galuscak, Viktoras"]
[Black "Vainauskas, Haroldas"]
[Result "1-0"]
[WhiteElo "1864"]
[BlackElo "1223"]
[PlyCount "43"]
[EventDate "2015.09.13"]
[EventType "swiss"]
[EventRounds "8"]
[EventCountry "LTU"]
[SourceTitle "EXT 2017"]
[Source "ChessBase"]
[SourceDate "2016.10.25"]
[SourceVersion "1"]
[SourceVersionDate "2016.10.25"]
[SourceQuality "1"]

1. e4 e5 2. Nf3 Nc6 3. Bc4 Bc5 4. b4 Bxb4 5. c3 Ba5 6. 0-0 Nf6 7. d4 Nxe4 8. dxe5 Nxc3 9. Qb3 Nxb1 10. Bxf7+ Kf8 11. Rxb1 d6 12. Bg5 Ne7 13. exd6 cxd6 14. Nh4 Qd7 15. Qf3 Qd8 16. Be6+ Nf5 17. Qxf5+ Qf6 18. Bxf6 Bxe6 19. Bxg7+ Kxg7 20. Rxb7+ Kg8 21. Qxe6+ Kf8 22. Qf7# 1-0

[Event "Klaipeda-ch"]
[Site "Klaipeda"]
[Date "2015.02.22"]
[Round "8"]
[White "Stasius, Vidmantas"]
[Black "Galuscak, Viktoras"]
[Result "1-0"]
[WhiteElo "1955"]
[BlackElo "1833"]
[PlyCount "85"]
[EventDate "2015.01.11"]
[EventType "tourn"]
[EventRounds "11"]
[EventCountry "LTU"]
[SourceTitle "EXT 2018"]
[Source "ChessBase"]
[SourceDate "2017.10.13"]
[SourceVersion "1"]
[SourceVersionDate "2017.10.13"]
[SourceQuality "1"]

1. d4 d5 2. c4 e6 3. Nc3 f5 4. cxd5 exd5 5. Bf4 c6 6. h4 Bd6 7. Qd2 Qc7 8. Nh3 Nf6 9. Qe3+ Kf8 10. 0-0-0 Bxf4 11. Nxf4 Kf7 12. Qg3 Re8 13. h5 b5 14. Kb1 Nbd7 15. Rc1 Qd6 16. e3 b4 17. Na4 Ne4 18. Qh4 Nd2+ 19. Ka1 Nxf1 20. Rhxf1 Ba6 21. Rfd1 Bb5 22. Nc5 Qf6 23. Qh2 Qd6 24. Nxd7 Qxd7 25. g4 a5 26. Rg1 Ra7 27. h6 g6 28. gxf5 Qxf5 29. Nh5 Rea8 30. Ng7 Qe4 31. Rg5 a4 32. Re5 Qf3 33. Ne6 Kg8 34. Ng5 Qe2 35. Qh3 Rf8 36. Qe6+ Kh8 37. Nf7+ Kg8 38. Ng5+ Kh8 39. Qf6+ Kg8 40. Qe6+ Kh8 41. Qd6 Qxf2 42. Re7 a3 43. Qe5+ 1-0

[Event "Klaipeda-ch"]
[Site "Klaipeda"]
[Date "2015.02.07"]
[Round "5"]
[White "Galuscak, Viktoras"]
[Black "Armonaitis, Silvestras"]
[Result "1/2-1/2"]
[WhiteElo "1833"]
[BlackElo "2089"]
[PlyCount "119"]
[EventDate "2015.01.11"]
[EventType "tourn"]
[EventRounds "11"]
[EventCountry "LTU"]
[SourceTitle "EXT 2018"]
[Source "ChessBase"]
[SourceDate "2017.10.13"]
[SourceVersion "1"]
[SourceVersionDate "2017.10.13"]
[SourceQuality "1"]

1. d4 e6 2. c4 b6 3. Nc3 Bb7 4. Nf3 f5 5. g3 Nf6 6. Bg2 Be7 7. 0-0 0-0 8. b3 Ne4 9. Bb2 Bf6 10. e3 d6 11. Rc1 Nd7 12. Nd2 Nxc3 13. Bxc3 Bxg2 14. Kxg2 e5 15. Qf3 g6 16. Qd5+ Kg7 17. f4 Qe7 18. Rfe1 e4 19. Nb1 Rfc8 20. Qc6 Nf8 21. g4 fxg4 22. Nd2 Re8 23. Rf1 Qd7 24. Qxd7+ Nxd7 25. Kg3 h5 26. h4 c5 27. d5 a6 28. f5 gxf5 29. Rxf5 Kg6 30. Rf4 Be5 31. Bxe5 Nxe5 32. Rc3 b5 33. Nxe4 b4 34. Rc2 Nd3 35. Rf6+ Kg7 36. Re6 Rf8 37. Ng5 Rf6 38. Rd2 Ne5 39. Re7+ Kg6 40. Rf2 Rxf2 41. Kxf2 Nd3+ 42. Kg3 Rf8 43. Ra7 Nc1 44. Rxa6 Rf6 45. Kg2 Kf5 46. Ra8 Ne2 47. Rh8 Nc3 48. Rxh5 Kg6 49. Rh8 Nxa2 50. Kg3 Nc1 51. Kxg4 Nxb3 52. h5+ Kg7 53. Rh7+ Kg8 54. Rb7 Nd2 55. Ne6 Nxc4 56. Kg5 Rf1 57. Rb8+ Kh7 58. Rb7+ Kg8 59. Rb8+ Kh7 60. Rb7+ 1/2-1/2

[Event "Baltic Amateur op"]
[Site "Vilnius"]
[Date "2014.03.10"]
[Round "3"]
[White "Galuscak, Viktoras"]
[Black "Balanda, Audrius"]
[Result "1-0"]
[WhiteElo "1833"]
[BlackElo "1561"]
[PlyCount "117"]
[EventDate "2014.03.09"]
[EventType "swiss"]
[EventRounds "5"]
[EventCountry "LTU"]
[SourceTitle "CBM 159 Extra"]
[Source "ChessBase"]
[SourceDate "2014.04.24"]
[SourceVersion "1"]
[SourceVersionDate "2014.04.24"]
[SourceQuality "1"]

1. e4 c6 2. d4 d5 3. f3 Nf6 4. e5 Nfd7 5. f4 e6 6. Nf3 Be7 7. Bd3 0-0 8. 0-0 c5 9. c3 b6 10. f5 exf5 11. Bxf5 Re8 12. e6 Nf6 13. exf7+ Kxf7 14. Ng5+ Kg8 15. Ne6 Bxe6 16. Bxe6+ Kh8 17. Bf4 Bd6 18. Bxd6 Qxd6 19. Bf5 Na6 20. Nd2 Re7 21. Nf3 Rae8 22. Ne5 Nb8 23. Qa4 a6 24. Rae1 Kg8 25. Qd1 Nc6 26. Nxc6 Qxc6 27. Rxe7 Rxe7 28. Re1 Qd6 29. Rxe7 Qxe7 30. Qd2 h6 31. Kf1 a5 32. Qe2 Kf7 33. Bg6+ Kf8 34. Qf3 Kg8 35. Qf5 Qd7 36. Qe5 Qd8 37. Qe6+ Kh8 38. g3 Ng8 39. Bf7 Qf6+ 40. Ke2 Qxe6+ 41. Bxe6 Nf6 42. c4 dxc4 43. dxc5 bxc5 44. Kd2 Ne4+ 45. Kc2 g5 46. Bxc4 Kg7 47. Be2 Kf6 48. Kb3 Ke6 49. Ka4 Kd6 50. Kxa5 Nf6 51. Kb6 Nd5+ 52. Kb7 Nb4 53. a4 Nc6 54. Bb5 Nd4 55. Kb6 Ne6 56. a5 Nc7 57. a6 Na8+ 58. Kb7 Nc7 59. Bc4 1-0

[Event "Baltic Amateur op"]
[Site "Vilnius"]
[Date "2014.03.09"]
[Round "2"]
[White "Mironenko, Leonid"]
[Black "Galuscak, Viktoras"]
[Result "0-1"]
[WhiteElo "1301"]
[BlackElo "1833"]
[PlyCount "86"]
[EventDate "2014.03.09"]
[EventType "swiss"]
[EventRounds "5"]
[EventCountry "LTU"]
[SourceTitle "CBM 159 Extra"]
[Source "ChessBase"]
[SourceDate "2014.04.24"]
[SourceVersion "1"]
[SourceVersionDate "2014.04.24"]
[SourceQuality "1"]

1. e4 e5 2. Nf3 Nc6 3. Bb5 a6 4. Ba4 Nf6 5. 0-0 b5 6. Bb3 Bc5 7. Re1 d6 8. c3 Bg4 9. d3 0-0 10. Nbd2 Ne7 11. Nf1 Ng6 12. Bg5 h6 13. Be3 Nh4 14. N1d2 Nh5 15. h3 Bxe3 16. Rxe3 Nxg2 17. hxg4 Nxe3 18. fxe3 Nf6 19. Nh2 Qd7 20. Qf3 Nh7 21. Rf1 Ng5 22. Qg3 a5 23. Ndf3 a4 24. Bd1 g6 25. Nxg5 hxg5 26. Rf6 Kg7 27. Rf2 Rh8 28. b3 Rh4 29. Qf3 Qe6 30. Qe2 f6 31. d4 Qd7 32. d5 axb3 33. Bxb3 Rah8 34. Rg2 Rh3 35. c4 bxc4 36. Bxc4 Qa4 37. Qd3 Qa5 38. Qe2 Qc3 39. Bb3 Rxe3 40. Qc2 Rxh2 41. Qxc3 Rxg2+ 42. Kxg2 Rxc3 43. Kf2 f5 0-1

[Event "Panevezys op 25th"]
[Site "Panevezys"]
[Date "2012.08.18"]
[Round "8"]
[White "Michailov, Andrej"]
[Black "Galuscak, Viktoras"]
[Result "0-1"]
[WhiteElo "1665"]
[BlackElo "1829"]
[PlyCount "68"]
[EventDate "2012.08.13"]
[EventType "swiss"]
[EventRounds "9"]
[EventCountry "LTU"]
[SourceTitle "CBM 149 Extra"]
[Source "ChessBase"]
[SourceDate "2012.08.24"]
[SourceVersion "1"]
[SourceVersionDate "2012.08.24"]
[SourceQuality "1"]

1. d4 Nf6 2. c4 e6 3. Nc3 Bb4 4. Qc2 Nc6 5. Nf3 d6 6. g3 0-0 7. Bg2 e5 8. dxe5 dxe5 9. 0-0 Qe7 10. e3 Bxc3 11. Qxc3 Bf5 12. Nd2 e4 13. Nb3 Ne5 14. Nd4 Bg4 15. f3 exf3 16. Nxf3 Nxf3+ 17. Bxf3 Bxf3 18. Rxf3 Ne4 19. Qc2 Rad8 20. b4 Rfe8 21. Rb1 Qe6 22. Kg2 Rd7 23. Rf4 Ng5 24. Qf5 Qc6+ 25. Kf2 Ne4+ 26. Ke1 Nc3 27. Bd2 Nxb1 28. Qxb1 Qh1+ 29. Rf1 Qxh2 30. Qc1 Qxg3+ 31. Ke2 Qg4+ 32. Rf3 Re6 33. Bc3 Rh6 34. Be5 Rh3 0-1